000 00424cam a2200169 4500
001 D14419
008 090401t1956 xxu||||| |||| 00| 0 eng d
035 _a(Sirsi) u15575
041 _aeng
100 _aWestbrook, Ronald
245 4 _aThe law and practice of the valuation of licensed premises
260 _aLondon
_bSweet and Maxwell
_c1956
350 _a0
520 _aShelf 137
942 _n0
948 _c04/03/1997
999 _c87290
_d87290